00568nam a2200205Ia 4500003000400000005001700004008004100021020001800062040001800080041000800098082001800106100001700124245006600141250001200207260004300219300003000262650002600292650002700318650001700345OSt20240801110100.0210716s2017 xx 000 0 und d a9781501152511 cAIMIT LIBRARY aeng a374.22 bSIMS aSims, Steve. aBluefishing : bart of making things happen /cBy Steve Sims. a1st ed. aNew Delhi :bSimon & Schuster ,c2017. axvii,203p. ;bHBc22.8 cm aPower of the password aSomething for everyone aSponge it up